A faithful admonition of a certeyne true pastor and prophete : sent vnto the Germanes at such a time as certain great princes went about to bryng alienes into Germany, [and] to restore the papacy; the kingdom of Antichrist. [Et]c Now tra[n]slated into English for a like admonicion vnto all true Englyshe harts; wherby they may learn and know how to consider [and] receiue the procedinges of the English magistrates and bishops. With a preface of M. Philip Melancthon. ...

Bibliographic Details
Main Author: Luther, Martin, 1483-1546
Other Authors: Melanchthon, Philip, 1497-1560, Eusebius Pamphilus
Format: eBook
Language:English
Published: [Imprinted at Grenewych [id est London] : By Co[n]rad Freeman [id est J. Day?], In the month of May. M.D.Liiii. With the most gracious licence [and] pruilege of god almightie, king of heauen [and] earth. [1554]]
Series:Early English books online.
Subjects:
Online Access:Connect to the full text of this electronic book

MARC

Tag First Indicator Second Indicator Subfields
LEADER 00000cam a2200000 4500
001 in00004221007
005 20210327063509.0
006 m g d
007 cr bn |||a|bb|
008 910709s1554 enk o 00| | eng d
035 |a (UnM)99843297 
037 |a CL0036000045  |b ProQuest. 789 E. Eisenhower Parkway, Ann Arbor, MI 48108-3218 
040 |a Cu-RivES  |c Cu-RivES  |d CStRLIN  |e dcrb  |d WaOLN 
100 1 |a Luther, Martin,  |d 1483-1546. 
240 1 0 |a Warnung an seine lieben Deutschen.  |l English 
245 1 2 |a A faithful admonition of a certeyne true pastor and prophete :  |b sent vnto the Germanes at such a time as certain great princes went about to bryng alienes into Germany, [and] to restore the papacy; the kingdom of Antichrist. [Et]c Now tra[n]slated into English for a like admonicion vnto all true Englyshe harts; wherby they may learn and know how to consider [and] receiue the procedinges of the English magistrates and bishops. With a preface of M. Philip Melancthon. ... 
246 2 |a Warnung an seine lieben Deutschen. 
260 |a [Imprinted at Grenewych [id est London] :  |b By Co[n]rad Freeman [id est J. Day?],  |c In the month of May. M.D.Liiii. With the most gracious licence [and] pruilege of god almightie, king of heauen [and] earth. [1554]] 
300 |a 1 online resource ([112] pages) 
336 |a text  |b txt  |2 rdacontent 
337 |a computer  |b c  |2 rdamedia 
338 |a online resource  |b cr  |2 rdacarrier 
500 |a By Martin Luther. 
500 |a A translation, by Eusebius Pamphilus, pseudonym of: Luther, Martin. Warnung an seine lieben Deutschen. 
500 |a Eusebius Pamphilus is a pseudonym sometimes attributed to Jean Calvin. 
500 |a Imprint from colophon; translator's name, and actual place of publication and printer's name from STC. 
500 |a Signatures: A-G. 
500 |a Some print show-through. 
500 |a Reproduction of the original in the British Library. 
510 4 |a STC (2nd edition)  |c 16981. 
533 |a Electronic reproduction.  |b Ann Arbor, Mich. :  |c UMI,  |d 1999-  |f (Early English books online)  |n Digital version of: (Early English books, 1475-1640 ; 1605:14)  |7 s1999 miun s 
610 1 0 |a Holy Roman Empire.  |b Reichstag  |d (1530 :  |c Augsburg, Germany)  |v Early works to 1800. 
610 2 0 |a Catholic Church  |v Controversial literature  |v Early works to 1800. 
650 0 |a Reformation  |v Early works to 1800. 
700 1 |a Melanchthon, Philip,  |d 1497-1560. 
700 0 |a Eusebius Pamphilus. 
700 1 |a Calvin, Jean,  |d 1509-1564,  |e attributed name. 
830 0 |a Early English books online. 
856 4 0 |u http://proxy.library.tamu.edu/login?url=https://search.proquest.com/docview/2248573837  |z Connect to the full text of this electronic book  |t 0 
999 f f |s 54b35ba7-14c6-3c5d-8fe5-781db5cdd656  |i 7cf635b1-97d9-380e-8bf7-f017c9497613  |t 0 
952 f f |a Texas A&M University  |b College Station  |c Electronic Resources  |d Available Online  |t 0  |h No information provided 
998 f f |t 0  |l Available Online